Bình luận khoa học bộ luật lao động : Năm 2012

Phân tích và bình luận từng điều luật trong Bộ luật Lao động năm 2012, bao gồm những quy định chung và những quy định cụ thể về: việc làm, hợp đồng lao động, tiền lương, thời giờ làm việc, bảo hiểm xã hội, công đoàn, quản lý nhà nước...

Disgrifiad llawn

Wedi'i Gadw mewn:
Manylion Llyfryddiaeth
Prif Awdur: Lưu, Bình Nhưỡng
Fformat: Llyfr
Iaith:Undetermined
Cyhoeddwyd: Hà Nội Lao động 2015
Pynciau:
Tagiau: Ychwanegu Tag
Dim Tagiau, Byddwch y cyntaf i dagio'r cofnod hwn!
Thư viện lưu trữ: Trung tâm Học liệu Trường Đại học Cần Thơ
LEADER 01142nam a2200229Ia 4500
001 CTU_230627
008 210402s9999 xx 000 0 und d
020 |c 200000 
082 |a 344.59701 
082 |b Nh561 
100 |a Lưu, Bình Nhưỡng 
245 0 |a Bình luận khoa học bộ luật lao động : 
245 0 |b Năm 2012 
245 0 |c Lưu Bình Nhưỡng (Chủ biên), Nguyễn Xuân Thu, Đỗ Thị Dung 
260 |a Hà Nội 
260 |b Lao động 
260 |c 2015 
520 |a Phân tích và bình luận từng điều luật trong Bộ luật Lao động năm 2012, bao gồm những quy định chung và những quy định cụ thể về: việc làm, hợp đồng lao động, tiền lương, thời giờ làm việc, bảo hiểm xã hội, công đoàn, quản lý nhà nước về lao động... 
650 |a Luật lao động và pháp luật,Labor laws and legislation 
650 |z Việt Nam,Vietnam 
910 |b nthai 
980 |a Trung tâm Học liệu Trường Đại học Cần Thơ